Statistics for Major non-Nato American Allies

Click here to take the quiz!

General Stats

  • This quiz has been taken 102 times
  • The average score is 10 of 16

Answer Stats

Ally % Correct
Australia
93%
Japan
92%
South Korea
90%
New Zealand
88%
Israel
76%
Philippines
66%
Argentina
63%
Thailand
55%
Egypt
53%
Afghanistan
49%
Pakistan
49%
Jordan
45%
Morocco
43%
Kuwait
38%
Bahrain
33%
Tunisia
30%

Score Distribution

Percentile by Number Answered

Percent of People with Each Score

Your Score History

You have not taken this quiz